[Event "Titled Tuesday intern op 14th May Early"]
[Site "Chess.com INT"]
[Date "2024.05.14"]
[Round "3"]
[White "Kandil, Ahmed"]
[Black "Meskovs, Nikita"]
[Result "0-1"]
[WhiteElo "2138"]
[BlackElo "2541"]
[PlyCount "138"]
[EventDate "2024.05.14"]
[EventType "swiss (blitz)"]
[EventRounds "11"]
[EventCountry "USA"]
[SourceTitle "EXT 2025"]
[Source "ChessBase"]
[SourceDate "2024.10.14"]
[SourceVersion "1"]
[SourceVersionDate "2024.10.14"]
[SourceQuality "1"]

1. e4 c6 2. d3 d5 3. Nd2 e5 4. g3 Nf6 5. Bg2 Bc5 6. Ngf3 Nbd7 7. 0-0 0-0 8. Re1 Re8 9. h3 a5 10. c3 a4 11. Qc2 Qb6 12. Nf1 dxe4 13. dxe4 Qc7 14. Be3 b6 15. Rad1 Ba6 16. Nh4 Bxf1 17. Bxf1 Bxe3 18. Rxe3 Nc5 19. b4 axb3 20. axb3 g6 21. b4 Ne6 22. Nf3 Red8 23. Bc4 Rxd1+ 24. Qxd1 Rd8 25. Qc2 Re8 26. Re1 b5 27. Bb3 h6 28. c4 bxc4 29. Bxc4 Qd6 30. Qd2 Qxd2 31. Nxd2 Nd4 32. Ra1 Re7 33. Ra8+ Kg7 34. Kg2 Rb7 35. Ra4 Nc2 36. b5 cxb5 37. Ra2 Ne1+ 38. Kf1 bxc4 39. Kxe1 c3 40. Nc4 Nxe4 41. Rc2 Kf6 42. Ke2 Rd7 43. Ke3 Rd4 44. f3 Rxc4 45. fxe4 Kg5 46. Kd3 Rc5 47. Rxc3 Rxc3+ 48. Kxc3 h5 49. Kc4 h4 50. gxh4+ Kxh4 51. Kd5 Kxh3 52. Kxe5 g5 53. Kf6 g4 54. Kxf7 g3 55. e5 g2 56. e6 g1Q 57. e7 Qf2+ 58. Kg8 Qg3+ 59. Kf8 Qf4+ 60. Kg8 Qg5+ 61. Kf7 Qf5+ 62. Kg7 Qe6 63. Kf8 Qf6+ 64. Ke8 Kg4 65. Kd7 Qd4+ 66. Ke6 Qa4 67. Kf7 Qf4+ 68. Ke6 Qf5+ 69. Kd6 Qc8 0-1